000 00278nam a22001217a 4500
008 170428b xxu||||| |||| 00| 0 eng d
041 _aeng
080 _a342
100 _a13
101 _aSHJ
245 _aPERSPECTIVES ON PUBLIC BUREAUCRACY
_cKRAMER.F.A
942 _2udc
_cBK
999 _c12311
_d12311